Internet of things security: (Record no. 6902)

MARC details
000 -LEADER
fixed length control field 00613nam a22002177a 4500
003 - CONTROL NUMBER IDENTIFIER
control field OSt
005 - DATE AND TIME OF LATEST TRANSACTION
control field 20220107122901.0
008 - FIXED-LENGTH DATA ELEMENTS--GENERAL INFORMATION
fixed length control field 220105b xxu||||| |||| 00| 0 eng d
020 ## - INTERNATIONAL STANDARD BOOK NUMBER
International Standard Book Number 9780367373962
040 ## - CATALOGING SOURCE
Transcribing agency KUDSIT
082 ## - DEWEY DECIMAL CLASSIFICATION NUMBER
Classification number 004.62 GUP/I
100 ## - MAIN ENTRY--PERSONAL NAME
Personal name Gupta, B B
9 (RLIN) 18901
245 ## - TITLE STATEMENT
Title Internet of things security:
Remainder of title Principles, applications, attacks, and countermeasures
260 ## - PUBLICATION, DISTRIBUTION, ETC.
Place of publication, distribution, etc. Florida,
Name of publisher, distributor, etc. CRC Press,
Date of publication, distribution, etc. 2020.
300 ## - PHYSICAL DESCRIPTION
Extent xx, 94 p.
650 ## - SUBJECT ADDED ENTRY--TOPICAL TERM
Topical term or geographic name entry element COMPUTER SCIENCE
9 (RLIN) 18902
650 ## - SUBJECT ADDED ENTRY--TOPICAL TERM
Topical term or geographic name entry element INTERNET OF THINGS
9 (RLIN) 18903
650 ## - SUBJECT ADDED ENTRY--TOPICAL TERM
Topical term or geographic name entry element IoT
9 (RLIN) 18904
700 ## - ADDED ENTRY--PERSONAL NAME
Personal name Quamara, Megha
9 (RLIN) 18905
942 ## - ADDED ENTRY ELEMENTS (KOHA)
Source of classification or shelving scheme Dewey Decimal Classification
Koha item type Books
Holdings
Withdrawn status Lost status Source of classification or shelving scheme Damaged status Not for loan Collection code Home library Current library Shelving location Date acquired Cost, normal purchase price Total Checkouts Full call number Barcode Date last seen Price effective from Koha item type
    Dewey Decimal Classification     TCP/ IP /Internet of Things / IOT Kerala University of Digital Sciences, Innovation and Technology Knowledge Centre Kerala University of Digital Sciences, Innovation and Technology Knowledge Centre Computer Science 05/01/2022 3797.00   004.62 GUP/I 5866 05/01/2022 05/01/2022 Books